| 000 | 01398nam0a22003011 4500 | ||
|---|---|---|---|
| 001 | RU\NLR\INFOCOMM_17\5000676157 | ||
| 005 | 20250613101045.0 | ||
| 035 | _a(NLR Aleph) 009370748 | ||
| 090 |
_a7920591 _c7920591 |
||
| 100 | _a20101217d1790 |||y0rusy50 ca | ||
| 101 | 1 | _afre | |
| 102 | _aRU | ||
| 105 | _ay ||||000|y | ||
| 200 | 1 |
_aIntroduction abrégée à la géographie mathématique et à la connois sance du Globe céleste à l'usage des écoles publiques de l'Empire de Russie _eTraduit du russe |
|
| 210 |
_aSt. Pétersbourg _c[De l'Imprimerie du Corps des cadets nobles] _d1790 |
||
| 215 |
_a[6], 85 с. _d20 см (8°) |
||
| 300 | _aАвт. и типография устновлены по изд.: Сводный каталог книг на иностранных языках, изданных в России в XVIII веке ... Л., 1985. Т. 2. С. 66 | ||
| 300 | _aВ конце предисл. пер.: Stanislas de Komar | ||
| 316 | _aЭкз. с наклейкой Б-ки 1-го Кадет. корп. и штампом Лен. Воен. б-ки | ||
| 686 |
_aД1 _2rubbk |
||
| 700 | 1 |
_aGolovin _bM. E. _f1756-1790 _gMichail Evsev'evič _4070 |
|
| 702 | 1 |
_9z01790 _aKomar _bS. _gStanisław _4730 |
|
| 790 | 1 |
_9z01702 _aKomar _bS. de _gStanislas de _4730 |
|
| 801 | 1 |
_aRU _bNLR _c20101217 |
|
| 801 | 0 |
_aRU _bNLR _gPSBO |
|
| 852 |
_aNLR _jРэ ШК/G-628 О2 |
||
| 942 | _cBOOK | ||
| 980 | _aNB | ||